释禅波罗蜜次第法门. 下 (Record no. 67336)

000 -LEADER
fixed length control field 00520nam a22001937a 4500
003 - CONTROL NUMBER IDENTIFIER
control field MPLRDC
005 - DATE AND TIME OF LATEST TRANSACTION
control field 20220104201811.0
008 - FIXED-LENGTH DATA ELEMENTS--GENERAL INFORMATION
fixed length control field 210129b ||||| |||| 00| 0 eng d
020 ## - INTERNATIONAL STANDARD BOOK NUMBER
International Standard Book Number 957-447-004-0
082 ## - DEWEY DECIMAL CLASSIFICATION NUMBER
Classification number 226.42 TTZZ v.2
100 ## - MAIN ENTRY--PERSONAL NAME
Personal name 天台智者 说
245 ## - TITLE STATEMENT
Title 释禅波罗蜜次第法门. 下
Statement of responsibility, etc. 黎玉玺 译
250 ## - EDITION STATEMENT
Edition statement 再版
260 ## - PUBLICATION, DISTRIBUTION, ETC.
Place of publication, distribution, etc. 台湾
Name of publisher, distributor, etc. 大千出版社
Date of publication, distribution, etc. 2002
300 ## - PHYSICAL DESCRIPTION
Other physical details
520 ## - SUMMARY, ETC.
Summary, etc. 上架 2017-07-06。
650 ## - SUBJECT ADDED ENTRY--TOPICAL TERM
Topical term or geographic name entry element 天台宗--宗典及其释
942 ## - ADDED ENTRY ELEMENTS (KOHA)
Koha item type Book
-- 226.42 TTZZ v.2
Holdings
Withdrawn status Lost status Source of classification or shelving scheme Damaged status Not for loan Collection code Home library Current library Shelving location Date acquired Cost, normal purchase price Total Checkouts Full call number Barcode Date last seen Date last checked out Price effective from Koha item type Public note
            Malaysian Public Library, Research and Development Centre Malaysian Public Library, Research and Development Centre   24/06/2017 54.30   226.42 TTZZ v.2 00060937 18/03/2021 24/06/2017 18/03/2021 Book mplrdc

© 2022. Malaysian Public Library, Research and Development Centre. All Right ReservedE-mailmplrdc@help.edu.my 

Powered by Koha